| 000 -LEADER |
| fixed length control field |
00777cam a2200181 i 4500 |
| 020 ## - INTERNATIONAL STANDARD BOOK NUMBER |
| ISBN |
9789996350627 |
| 040 ## - CATALOGING SOURCE |
| Transcribing agency |
DLC |
| 082 00 - DEWEY DECIMAL CLASSIFICATION NUMBER |
| Classification number |
616 EMR 2009 C283 Or. |
| 245 10 - TITLE STATEMENT |
| Title |
Emerging trends, challenges and innovations : |
| Remainder of title |
community based natural resource management (CBNRM) in Cambodia : learning symposiums and the development of selected papers |
| 250 ## - EDITION STATEMENT |
| Edition statement |
Fifth edition / |
| 300 ## - PHYSICAL DESCRIPTION |
| Number of Pages |
xxiii, 1368 pages : |
| Other physical details |
illustrations (chiefly color) ; |
| Dimensions |
29 cm |
| 500 ## - GENERAL NOTE |
| General note |
Previous edition: Neurology and general medicine / edited by Michael J. Aminoff. 2008. 4th ed. |
| 650 #0 - SUBJECT ADDED ENTRY--TOPICAL TERM |
| Topical Term |
Neurologic manifestations of general diseases. |
| 650 #0 - SUBJECT ADDED ENTRY--TOPICAL TERM |
| Topical Term |
Neurologic manifestations of general diseases. |
| 700 1# - ADDED ENTRY--PERSONAL NAME |
| Personal name |
Aminoff, Michael J. |
| 700 1# - ADDED ENTRY--PERSONAL NAME |
| Personal name |
Josephson, Scott Andrew, |
| 942 ## - ADDED ENTRY ELEMENTS (KOHA) |
| Koha item type |
ADB |
| 952 ## - LOCATION AND ITEM INFORMATION (KOHA) |
| Withdrawn status [LOCAL, KOHA] |
0 |
| 952 ## - LOCATION AND ITEM INFORMATION (KOHA) |
| Withdrawn status [LOCAL, KOHA] |
0 |
| 952 ## - LOCATION AND ITEM INFORMATION (KOHA) |
| Withdrawn status [LOCAL, KOHA] |
0 |